Letter A Geography Chain - Statistics

General Stats
  • This quiz has been taken 67,693 times
    67,425 since last reset
  • The average score is 14 of 22
Answer Stats
Hint Answer % Correct
Canberra is the capital Australia
98%
European country with a similar name to the above Austria
97%
U.S. state once owned by Russia Alaska
93%
Largest country by area in Africa Algeria
92%
Hawaiian word for hello or goodbye Aloha
83%
Smallest country on the Iberian Peninsula Andorra
81%
West of Zambia, north of Namibia Angola
81%
The Kardashian family traces its ancestry to this country Armenia
79%
City home to the world's busiest airport Atlanta
73%
Province home to Calgary Alberta
70%
Country whose former first lady was known as "Evita" Argentina
68%
Tucson is its second largest city Arizona
65%
Capital city in Anatolia Ankara
58%
Capital of Ghana Accra
55%
Dutch island in the Caribbean Aruba
52%
City where the Taj Mahal is located Agra
51%
Seville is the capital of this region Andalusia
51%
Capital of Kazakhstan Astana
48%
Replaced Lagos as capital in 1991 Abuja
45%
Most populous city on the Mediterranean Alexandria
38%
City in Georgia (US) that hosts the Masters golf tournament Augusta
33%
Has a population density of 0.00008 people per square km Antarctica
28%
No matching quizzes found
Score Distribution
Percent of People with Each Score
Percentile by Number Answered
Your Score History
You have not taken this quiz since the last reset